Science and technology indicators basic statistical

Сохранить в:
Библиографические подробности
Формат:
Язык:Undetermined
Опубликовано: Paris 1985
Предметы:
Метки: Добавить метку
Нет меток, Требуется 1-ая метка записи!
Thư viện lưu trữ: Trung tâm Học liệu Trường Đại học Cần Thơ
LEADER 00400nam a2200145Ia 4500
001 CTU_98679
008 210402s9999 xx 000 0 und d
082 |a 338.9 
082 |b S416/Vol.B 
245 0 |a Science and technology indicators basic statistical 
260 |a Paris 
260 |c 1985 
650 |a Science indicators 
904 |i Truc 
980 |a Trung tâm Học liệu Trường Đại học Cần Thơ